书目信息 |
| 题名: |
古代文明
|
|
| 作者: | ;老安 译 ;布朗丛书公司 编著 | |
| 分册: | ||
| 出版信息: | 济南 山东画报出版社 2003 |
|
| 页数: | 363页 | |
| 开本: | 29cm | |
| 丛书名: | ||
| 单 册: | ||
| 中图分类: | K86 | |
| 科图分类: | ||
| 主题词: | 文化史--世界--古代 | |
| 电子资源: | ||
| ISBN: | 7-80603-673-3 | |
| 000 | 00840nam0 2200241 45 | |
| 001 | 002239748 | |
| 005 | 20050323084351.5 | |
| 010 | @a7-80603-673-3@dCNY85.00 | |
| 100 | @a20030127d2003 em y0chiy0110 ea | |
| 101 | 1 | @achi@ceng@ceng |
| 102 | @aCN@b370000 | |
| 105 | @aab z 000yy | |
| 200 | 1 | @a古代文明@Agu dai wen ming@dAncient Civilizations@f(英)布朗丛书公司编著@F(Ying)Bu Lang Cong Shu Gong Si Bian Zhu@g老安等译 |
| 210 | @a济南@c山东画报出版社@d2003 | |
| 215 | @a363页@c照片@d29cm | |
| 306 | @a美国格罗里埃教育出版公司出版 | |
| 330 | @a本书讲述的是遥远的过去民族和文明的故事,叙述了这些成就,还介绍了曾经帮助人类走向文明的某些著名的发明创造等。 | |
| 606 | 0 | @a文化史@y世界@z古代 |
| 690 | @aK86@v4 | |
| 702 | 0 | @a老安@ALao An@4译 |
| 711 | 02 | @a布朗丛书公司@4编著 |
| 801 | 0 | @aCN@bNLC@c20030707 |
| 905 | @f5@b345884-888@dK86@e3 | |
| 古代文明=Ancient Civilizations/(英)布朗丛书公司编著/老安等译.-济南:山东画报出版社,2003 |
| 363页:照片;29cm |
| ISBN 7-80603-673-3:CNY85.00 |
| 本书讲述的是遥远的过去民族和文明的故事,叙述了这些成就,还介绍了曾经帮助人类走向文明的某些著名的发明创造等。 |
| ● |
| 相关链接 |
|
|
|
|
正题名:古代文明
索取号:K86/3
 
预约/预借
| 序号 | 登录号 | 条形码 | 馆藏地/架位号 | 状态 | 备注 |
| 1 | 0345884 | 203458846 | 第二样本阅览室/ [索取号:K86/3] | 在馆 | |
| 2 | 0345885 | 203458855 | 第二借阅区/ [索取号:K86/3] | 在馆 | |
| 3 | 0345886 | 203458864 | 第二借阅区/ [索取号:K86/3] | 在馆 | |
| 4 | 0345887 | 203458873 | 第二借阅区/ [索取号:K86/3] | 在馆 | |
| 5 | 0345888 | 203458882 | 第二借阅区/ [索取号:K86/3] | 在馆 |